[Event "Youth Classic 2019 - Youth Open U14"]
[Site "Bad Soden, Hasselgrundhalle"]
[Date "2019.10.06"]
[Round "8.22"]
[White "Sadri, Adrian"]
[Black "Haller, Andreas"]
[Result "0-1"]
[WhiteElo "1243"]
[BlackElo "1087"]
[PlyCount "66"]
[EventDate "2019.??.??"]
[WhiteTeam "SC Bad Soden"]
[BlackTeam "SC Bad Soden"]

1. e4 e5 2. Nf3 Nc6 3. Bc4 Bc5 4. c3 Nf6 5. d4 exd4 6. cxd4 Bb4+ 7. Bd2 Bxd2+
8. Nbxd2 d5 9. exd5 Nxd5 10. O-O O-O 11. Nb3 Bg4 12. h3 Bh5 13. Nc5 b6 14. Nb7
Qd7 15. Bd3 Rab8 16. Bc2 Rxb7 17. Ne5 Bxd1 18. Nxd7 Bxc2 19. Nxf8 Kxf8 20. Rac1
Nxd4 21. Rfe1 Nb4 22. Ra1 c5 23. a3 Nd3 24. Re3 Nxb2 25. Ra2 Na4 26. f3 Rc7 27.
Ra1 Bb3 28. Rae1 Rc8 29. Re7 c4 30. Rxa7 c3 31. Rd7 Nf5 32. Re5 g6 33. Re1 c2
0-1

[Event "Youth Classic 2019 - Youth Open U14"]
[Site "Bad Soden, Hasselgrundhalle"]
[Date "2019.10.06"]
[Round "8.23"]
[White "Meinecke, Isabella"]
[Black "Rodermel, Leonie"]
[Result "0-1"]
[WhiteElo "800"]
[BlackElo "1066"]
[PlyCount "70"]
[EventDate "2019.??.??"]
[WhiteTeam "SV Turm Sankt Augustin"]
[BlackTeam "SV Oberursel"]

1. e4 e5 2. Nf3 Nc6 3. Nc3 Nf6 4. d3 h6 5. Be3 d5 6. exd5 Nxd5 7. Nxd5 Qxd5 8.
Be2 Bc5 9. Bxc5 Qxc5 10. O-O O-O 11. Qd2 Bf5 12. Rfe1 Rad8 13. Qc3 Qxc3 14.
bxc3 e4 15. Nh4 exd3 16. Nxf5 dxe2 17. Rxe2 Rfe8 18. Rxe8+ Rxe8 19. Kf1 f6 20.
Rd1 Rd8 21. Rb1 b6 22. Ke2 Rd5 23. Ne3 Re5 24. Kd3 Kf7 25. c4 Ke7 26. Nd5+ Kd7
27. Nf4 Rc5 28. Nd5 Ne5+ 29. Kd4 Rxc4+ 30. Ke3 Rxc2 31. Rd1 Ke6 32. Nf4+ Kf5
33. Rd5 Rxa2 34. Ne2 Ra3+ 35. Kd4 Rd3# 0-1

[Event "Youth Classic 2019 - Youth Open U14"]
[Site "Bad Soden, Hasselgrundhalle"]
[Date "2019.10.06"]
[Round "8.24"]
[White "Tobias, Karolin"]
[Black "Jiang, Philipp"]
[Result "1-0"]
[WhiteElo "1261"]
[BlackElo "915"]
[PlyCount "61"]
[EventDate "2019.??.??"]
[WhiteTeam "SV Oberursel"]
[BlackTeam "SV Frankfurt Nord"]

1. e4 e5 2. Nf3 Nc6 3. Bc4 Nf6 4. d3 Bc5 5. Nc3 h6 6. Bd2 d6 7. Be3 Bxe3 8.
fxe3 Bg4 9. Qe2 O-O 10. O-O-O Na5 11. d4 Nxc4 12. Qxc4 exd4 13. exd4 Re8 14.
Rde1 c6 15. h3 Bxf3 16. gxf3 Qc7 17. f4 Rad8 18. d5 Rc8 19. Qd4 c5 20. Qf2 Kh8
21. Rhg1 Re7 22. Qg3 Rg8 23. e5 Nd7 24. e6 Nf6 25. Nb5 Qb6 26. exf7 Rxf7 27.
Qg6 Rff8 28. Nc3 Qc7 29. Ne4 Nxd5 30. Ng5 Rf6 31. Qh7# 1-0

[Event "Youth Classic 2019 - Youth Open U14"]
[Site "Bad Soden, Hasselgrundhalle"]
[Date "2019.10.06"]
[Round "8.25"]
[White "Chen, Marvin"]
[Black "Radutny, Alexej"]
[Result "0-1"]
[WhiteElo "914"]
[BlackElo "1023"]
[PlyCount "68"]
[EventDate "2019.??.??"]
[WhiteTeam "SC Bad Soden"]
[BlackTeam "SK Bad Homburg"]

1. e4 e6 2. Nf3 d5 3. Nc3 Bb4 4. exd5 exd5 5. Qe2+ Ne7 6. Qb5+ Nbc6 7. d4 Bd7
8. Qxb7 O-O 9. a3 Rb8 10. Qa6 Rb6 11. Qd3 Bf5 12. Qd1 Bxc3+ 13. bxc3 Re8 14.
Be2 Ng6 15. O-O Na5 16. Bd3 Bg4 17. Be2 Rbe6 18. Ne5 Bxe2 19. Qxe2 Nxe5 20.
dxe5 Rxe5 21. Qd1 Nc4 22. Bf4 R5e6 23. g3 Ne5 24. Be3 Qa8 25. Bf4 Ng6 26. Bxc7
Qc6 27. Ba5 d4 28. cxd4 Nf4 29. f3 Nh3+ 30. Kg2 Re2+ 31. Kxh3 Qh6+ 32. Kg4 f5+
33. Kxf5 Qg6+ 34. Kf4 Rf8# 0-1

[Event "Youth Classic 2019 - Youth Open U14"]
[Site "Bad Soden, Hasselgrundhalle"]
[Date "2019.10.06"]
[Round "8.26"]
[White "Kramer, Theodor"]
[Black "Pöpplow, Peer"]
[Result "1-0"]
[WhiteElo "862"]
[BlackElo "816"]
[PlyCount "129"]
[EventDate "2019.??.??"]
[WhiteTeam "SC Bad Soden"]
[BlackTeam "Chess Tigers"]

1. e4 e5 2. Nf3 Nc6 3. Bc4 Nf6 4. Nc3 Bc5 5. d3 d6 6. Bg5 Bg4 7. h3 Bxf3 8.
Qxf3 O-O 9. Nd5 Nd4 10. Qd1 b5 11. Bb3 c6 12. Nxf6+ gxf6 13. Bh6 f5 14. Bxf8
Qxf8 15. c3 Nxb3 16. Qxb3 fxe4 17. dxe4 Qg7 18. O-O Rf8 19. Qd1 Kh8 20. Qf3 Rg8
21. Kh1 Qg5 22. Rad1 d5 23. Rd3 Qg6 24. exd5 e4 25. Qg3 Qxg3 26. Rxg3 cxd5 27.
Rxg8+ Kxg8 28. g4 d4 29. cxd4 Bxd4 30. Re1 Bxf2 31. Rxe4 Bg3 32. Re8+ Kg7 33.
Ra8 Bf2 34. Kg2 Bd4 35. b3 b4 36. Kf3 Kf6 37. h4 Kg6 38. Rg8+ Bg7 39. Kf4 h6
40. h5+ Kf6 41. Ra8 Ke6 42. Rxa7 Be5+ 43. Ke4 Kf6 44. Ra6+ Kg5 45. Ra5 f6 46.
Rb5 f5+ 47. gxf5 Bc3 48. a4 bxa3 49. Rc5 Bb2 50. Ra5 Kxh5 51. b4 Kg5 52. b5 h5
53. b6 h4 54. b7 h3 55. b8=Q Kh4 56. Qf4+ Kh5 57. Qg3 Kh6 58. Qxh3+ Kg5 59.
Rxa3 Bxa3 60. Qxa3 Kg4 61. f6 Kg5 62. f7 Kg4 63. f8=R Kh4 64. Rg8 Kh5 65. Qh3#
1-0

[Event "Youth Classic 2019 - Youth Open U14"]
[Site "Bad Soden, Hasselgrundhalle"]
[Date "2019.10.06"]
[Round "8.27"]
[White "Wagner, Maribel"]
[Black "Püschel-Esparza, Mateo"]
[Result "0-1"]
[WhiteElo "760"]
[BlackElo "1085"]
[PlyCount "106"]
[EventDate "2019.??.??"]
[WhiteTeam "SC Bad Soden"]
[BlackTeam "SC Landskrone"]

1. e4 c5 2. Nc3 g6 3. Bb5 Bg7 4. Nf3 a6 5. Bc4 Nc6 6. d3 e6 7. O-O Nge7 8. Bf4
b5 9. Bb3 b4 10. Ne2 Bxb2 11. Rb1 Bg7 12. Qc1 O-O 13. Bg3 d5 14. Qf4 e5 15. Qh4
a5 16. Ng5 h5 17. Bf4 exf4 18. Nxf4 Bf6 19. Nxh5 gxh5 20. Qxh5 Bxg5 21. Qxg5+
Ng6 22. Qh6 Qh4 23. Qe3 Nge5 24. Rbe1 Ng4 25. Qf4 Nd4 26. h3 Ne6 27. Qf3 Nd4
28. Qf4 Ne6 29. Qf3 Ng7 30. Bxd5 Ne5 31. Qg3 Qxg3 32. fxg3 Ra6 33. Rf4 Nh5 34.
Rh4 Ng7 35. Rf1 Be6 36. Bb7 Rb6 37. Rf6 Rxb7 38. g4 Bxa2 39. Rfh6 Ng6 40. g5
Nxh4 41. Rxh4 a4 42. Rf4 Bb1 43. Rf2 a3 44. c4 bxc3 45. h4 Rb2 46. Rf1 Bxd3 47.
Ra1 a2 48. Kh2 Bc4 49. Kg3 Rb1 50. Rxa2 Bxa2 51. Kf2 Rb2+ 52. Ke1 c2 53. g3
c1=Q# 0-1

[Event "Youth Classic 2019 - Youth Open U14"]
[Site "Bad Soden, Hasselgrundhalle"]
[Date "2019.10.06"]
[Round "8.30"]
[White "Müller, Mirelle-Fabienne"]
[Black "Chhajed, Divyam"]
[Result "0-1"]
[WhiteElo "870"]
[BlackElo "1112"]
[PlyCount "98"]
[EventDate "2019.??.??"]
[WhiteTeam "SC Landskrone"]
[BlackTeam "SK Bickenbach"]

1. e4 e5 2. Nc3 Bc5 3. Bc4 d6 4. d3 h6 5. f4 Nc6 6. fxe5 Nxe5 7. d4 Nxc4 8.
dxc5 dxc5 9. Qxd8+ Kxd8 10. Nf3 Nf6 11. e5 Nd7 12. O-O Ncxe5 13. Nxe5 Nxe5 14.
Rd1+ Nd7 15. Be3 b6 16. Nb5 a6 17. Nc3 Bb7 18. Rd2 Kc8 19. Rad1 Rd8 20. a3 Bc6
21. b4 Kb7 22. bxc5 b5 23. Nd5 Nf6 24. Bd4 Rxd5 25. a4 Rad8 26. axb5 axb5 27.
Bc3 Rxd2 28. Bxd2 Ne4 29. Kf1 Rxd2 30. Re1 Rxc2 31. h4 Nd2+ 32. Kg1 Nb3 33. h5
Rxg2+ 34. Kh1 Re2+ 35. Kg1 Rxe1+ 36. Kf2 Rh1 37. Ke2 Rxh5 38. Kd3 Rxc5 39. Ke3
h5 40. Kf4 Rc4+ 41. Kg3 h4+ 42. Kh3 g5 43. Kh2 Rc3 44. Kg1 h3 45. Kh2 g4 46.
Kg1 g3 47. Kf1 Rc2 48. Kg1 h2+ 49. Kf1 h1=Q# 0-1

[Event "Youth Classic 2019 - Youth Open U14"]
[Site "Bad Soden, Hasselgrundhalle"]
[Date "2019.10.06"]
[Round "8.31"]
[White "Malsy, Lotte"]
[Black "Sirohi, Varun"]
[Result "0-1"]
[WhiteElo "793"]
[BlackElo "894"]
[PlyCount "96"]
[EventDate "2019.??.??"]
[WhiteTeam "SC Bad Soden"]
[BlackTeam "Schachforum Darmstadt"]

1. e4 e5 2. Nf3 Nc6 3. Bc4 Bc5 4. c3 Nf6 5. d4 exd4 6. cxd4 Bb4+ 7. Bd2 Bxd2+
8. Nbxd2 O-O 9. O-O Re8 10. Re1 d6 11. e5 dxe5 12. dxe5 Nd7 13. e6 fxe6 14.
Rxe6 Rxe6 15. Bxe6+ Kh8 16. h3 Nf6 17. Bb3 Qd6 18. Nc4 Qxd1+ 19. Rxd1 Be6 20.
Nce5 Bxb3 21. axb3 Na5 22. Rd3 h6 23. Ng4 Nxg4 24. hxg4 Rc8 25. b4 Nc4 26. b3
Nb6 27. Ne5 Re8 28. Nc4 Nxc4 29. bxc4 Re4 30. Rd8+ Kh7 31. Ra8 Rxc4 32. Rxa7
Rxb4 33. f3 Kg6 34. Kh2 c5 35. Ra1 b5 36. Ra6+ Kg5 37. Ra7 Kg6 38. Ra6+ Kh7 39.
Ra3 c4 40. Rc3 Rb3 41. Rc1 c3 42. Kg3 b4 43. Kf2 Rb2+ 44. Ke1 b3 45. Kd1 c2+
46. Rxc2 Rxc2 47. Ke1 b2 48. Kf1 b1=R# 0-1

[Event "Youth Classic 2019 - Youth Open U14"]
[Site "Bad Soden, Hasselgrundhalle"]
[Date "2019.10.06"]
[Round "9.1"]
[White "Klugstedt, Vincent C."]
[Black "Lehmann, Nils"]
[Result "1-0"]
[WhiteElo "1865"]
[BlackElo "1629"]
[PlyCount "81"]
[EventDate "2019.??.??"]
[WhiteTeam "SG Bochum"]
[BlackTeam "SV Lahn Limburg"]

1. d4 g6 2. c4 Bg7 3. Nc3 c5 4. Nf3 cxd4 5. Nxd4 Nc6 6. Nxc6 bxc6 7. e4 d6 8.
Be3 Nf6 9. f3 O-O 10. Be2 Qc7 11. O-O Rb8 12. b3 Bd7 13. Rc1 c5 14. Qd2 Rfd8
15. Bh6 Ne8 16. Nd5 Bd4+ 17. Be3 Bxe3+ 18. Qxe3 Qa5 19. Nxe7+ Kf8 20. Nd5 Be6
21. Qh6+ Ng7 22. Qxh7 Bxd5 23. Qh8+ Ke7 24. Qxg7 Be6 25. Rc2 Rh8 26. f4 Rh4 27.
f5 Bd7 28. fxg6 Rxe4 29. Qxf7+ Kd8 30. g7 Kc7 31. g8=Q Rxg8 32. Qxg8 Re8 33.
Qg7 Kd8 34. Rf8 Qe1+ 35. Bf1 Qd1 36. Rxe8+ Bxe8 37. Qg5+ Kc7 38. Rd2 Qe1 39.
Re2 Qd1 40. Rxe8 Qd4+ 41. Qe3 1-0

[Event "Youth Classic 2019 - Youth Open U14"]
[Site "Bad Soden, Hasselgrundhalle"]
[Date "2019.10.06"]
[Round "9.2"]
[White "Eull, Emil"]
[Black "Lorenz, Alexander"]
[Result "1/2-1/2"]
[WhiteElo "1504"]
[BlackElo "1759"]
[PlyCount "24"]
[EventDate "2019.??.??"]
[WhiteTeam "SF Neuberg"]
[BlackTeam "SV Bergwinkel"]

1. e4 c5 2. Nf3 d6 3. c3 g6 4. d4 cxd4 5. cxd4 Bg7 6. Nc3 e6 7. Bb5+ Bd7 8.
Bxd7+ Qxd7 9. O-O Ne7 10. Bf4 a6 11. e5 d5 12. Na4 Qd8 1/2-1/2

[Event "Youth Classic 2019 - Youth Open U14"]
[Site "Bad Soden, Hasselgrundhalle"]
[Date "2019.10.06"]
[Round "9.3"]
[White "Schmid, Leon"]
[Black "Markosyan, Aleksandr"]
[Result "0-1"]
[WhiteElo "1546"]
[BlackElo "1759"]
[PlyCount "66"]
[EventDate "2019.??.??"]
[WhiteTeam "SF Heidesheim"]
[BlackTeam "SG Idstein"]

1. d4 d5 2. Bf4 c5 3. c3 Nc6 4. e3 cxd4 5. cxd4 e6 6. Nf3 a6 7. a3 f6 8. Nc3 b5
9. b4 Bb7 10. Be2 Rc8 11. Rc1 Nge7 12. O-O g5 13. Bg3 h5 14. h4 g4 15. Nd2 Nf5
16. Rc2 Nxg3 17. fxg3 Bh6 18. e4 Nxd4 19. Rc1 dxe4 20. Ndxe4 Bxe4 21. Nxe4 Rxc1
22. Nxf6+ Qxf6 23. Rxf6 Nxe2+ 24. Kf2 Rxd1 25. Kxe2 Rd2+ 26. Kf1 Rf8 27. Rxf8+
Kxf8 28. a4 bxa4 29. Kg1 a3 30. b5 a2 31. bxa6 a1=Q+ 32. Kh2 Rd1 33. a7 Rh1#
0-1

[Event "Youth Classic 2019 - Youth Open U14"]
[Site "Bad Soden, Hasselgrundhalle"]
[Date "2019.10.06"]
[Round "9.4"]
[White "Burkart, Lloyd Shang"]
[Black "Müller, Maurice-Pascal"]
[Result "0-1"]
[WhiteElo "1399"]
[BlackElo "1683"]
[PlyCount "62"]
[EventDate "2019.??.??"]
[WhiteTeam "TuS Makkabi"]
[BlackTeam "SC Landskrone"]

1. d4 Nf6 2. c4 g6 3. Nf3 Bg7 4. Nc3 O-O 5. Bf4 d6 6. e3 Nbd7 7. Be2 c6 8. O-O
Ne8 9. Rc1 Nc7 10. h3 e5 11. Bh2 f5 12. Qb3 e4 13. Nd2 Nf6 14. c5+ d5 15. Bd6
Rf7 16. Qc2 Nfe8 17. Bh2 Qe7 18. b4 Ne6 19. a4 Qg5 20. Kh1 f4 21. exf4 Nxf4 22.
Bxf4 Rxf4 23. Nb3 Rh4 24. Qd2 Qe7 25. Ra1 Bh6 26. Qc2 Bxh3 27. g3 Bxf1+ 28.
gxh4 Qxh4+ 29. Kg1 Bf4 30. Bd1 Bd3 31. Ra2 Qh2# 0-1

[Event "Youth Classic 2019 - Youth Open U14"]
[Site "Bad Soden, Hasselgrundhalle"]
[Date "2019.10.06"]
[Round "9.6"]
[White "Goetz, Fenja"]
[Black "Welker, Alexandra"]
[Result "1/2-1/2"]
[WhiteElo "1490"]
[BlackElo "1441"]
[PlyCount "30"]
[EventDate "2019.??.??"]
[WhiteTeam "SK Bad Homburg"]
[BlackTeam "TuS Makkabi"]

1. e4 e5 2. Nf3 Nc6 3. d4 exd4 4. Bc4 Nf6 5. e5 d5 6. Bb5 Ne4 7. Nxd4 Bd7 8.
Nxc6 Bxc6 9. Bd3 Bc5 10. O-O O-O 11. Nd2 Re8 12. Nf3 h6 13. Bf4 Qe7 14. c3 Rad8
15. Qc2 Qe6 1/2-1/2

[Event "Youth Classic 2019 - Youth Open U14"]
[Site "Bad Soden, Hasselgrundhalle"]
[Date "2019.10.06"]
[Round "9.7"]
[White "Yakubjanov, Damin"]
[Black "Weyerer, Noah"]
[Result "0-1"]
[WhiteElo "1259"]
[BlackElo "1362"]
[PlyCount "82"]
[EventDate "2019.??.??"]
[WhiteTeam "Schachakademie Trier"]
[BlackTeam "SV Oberursel"]

1. e4 d5 2. exd5 Qxd5 3. Nc3 Qd6 4. d4 Nf6 5. Nf3 c6 6. h3 Bf5 7. Be3 Nbd7 8.
Bd3 Bxd3 9. Qxd3 e6 10. O-O Qc7 11. Rfe1 Bd6 12. Bg5 h6 13. Bh4 g5 14. Bxg5
hxg5 15. Nxg5 Bf4 16. Rxe6+ Kf8 17. d5 Bxg5 18. Qf5 fxe6 19. dxe6 Qe5 20. e7+
Kxe7 21. Qf3 Qf4 22. Re1+ Kf7 23. Qd3 Rae8 24. Rd1 Nc5 25. Qf1 Ng4 26. g3 Qxf2+
27. Qxf2+ Nxf2 28. Kxf2 Ne4+ 29. Nxe4 Rxe4 30. Rd7+ Re7 31. Rd1 Rxh3 32. Rf1
Kg7 33. Kg2 Rh6 34. g4 Re2+ 35. Kf3 Rxc2 36. Rb1 Rhh2 37. Ke4 Rxb2 38. Rd1 Rhd2
39. Rf1 Rxa2 40. Rf5 Rd5 41. Rf3 Ra4# 0-1

[Event "Youth Classic 2019 - Youth Open U14"]
[Site "Bad Soden, Hasselgrundhalle"]
[Date "2019.10.06"]
[Round "9.8"]
[White "Miranda Martin, Pablo Mateo"]
[Black "Gold, Jan Christian"]
[Result "0-1"]
[WhiteElo "1606"]
[BlackElo "1430"]
[PlyCount "76"]
[EventDate "2019.??.??"]
[WhiteTeam "SK Gau-Algesheim"]
[BlackTeam "Hamburger SK"]

1. d4 e6 2. c4 d5 3. Nc3 Nf6 4. Nf3 c5 5. cxd5 cxd4 6. Qxd4 Nxd5 7. e4 Nxc3 8.
Qxd8+ Kxd8 9. bxc3 Bc5 10. Be2 Nc6 11. Bf4 Bd7 12. O-O Rc8 13. Rad1 Ke7 14. Rd2
Na5 15. Rfd1 Ba4 16. Rb1 Ba3 17. Bb5 Bxb5 18. Rxb5 Rxc3 19. h3 b6 20. Re2 Rhc8
21. Nd4 f6 22. Bd2 Rd3 23. Nf3 Bd6 24. Bxa5 bxa5 25. Re1 Bb4 26. Rf1 Rc2 27.
Rxb4 axb4 28. Ne1 Rdd2 29. Nxc2 Rxc2 30. Rb1 a5 31. Ra1 Kd6 32. a4 b3 33. Rb1
b2 34. Kh2 Kc5 35. Kg3 Kb4 36. Kf3 Ka3 37. Ke3 Rc1 38. Rxb2 Kxb2 0-1

[Event "Youth Classic 2019 - Youth Open U14"]
[Site "Bad Soden, Hasselgrundhalle"]
[Date "2019.10.06"]
[Round "9.9"]
[White "Vick, Edward"]
[Black "Middendorf, Sven-Jonas"]
[Result "0-1"]
[WhiteElo "1242"]
[BlackElo "1382"]
[PlyCount "46"]
[EventDate "2019.??.??"]
[WhiteTeam "TuS Makkabi Wiesbaden"]
[BlackTeam "SV Hellas Nauen"]

1. e4 e5 2. Nf3 Nc6 3. d4 exd4 4. Bc4 Bc5 5. c3 dxc3 6. Nxc3 Nf6 7. Bg5 h6 8.
Bh4 Qe7 9. O-O g5 10. Bg3 Nh5 11. Bxc7 Nf6 12. Bg3 d6 13. Re1 Bg4 14. h3 Bxf3
15. Qxf3 Nd4 16. Qd3 O-O-O 17. Nd5 Nxd5 18. Bxd5 f6 19. Bc4 h5 20. f3 Ne2+ 21.
Kh2 Nxg3 22. Kxg3 Qe5+ 23. f4 Qxf4# 0-1

[Event "Youth Classic 2019 - Youth Open U14"]
[Site "Bad Soden, Hasselgrundhalle"]
[Date "2019.10.06"]
[Round "9.10"]
[White "Dittenberger, Nico"]
[Black "Nedilko, Marko"]
[Result "0-1"]
[WhiteElo "1295"]
[BlackElo "1407"]
[PlyCount "128"]
[EventDate "2019.??.??"]
[WhiteTeam "SC Landskrone"]
[BlackTeam "SC ML Kastellaun"]

1. e4 g6 2. Nc3 Bg7 3. Bc4 c5 4. Nf3 Nc6 5. O-O e5 6. b3 Nge7 7. Bb2 d6 8. h3
a6 9. a4 Na5 10. Qe2 Nxc4 11. Qxc4 Be6 12. Qd3 O-O 13. Nd5 f5 14. Nxe7+ Qxe7
15. c4 fxe4 16. Qxe4 Bf5 17. Qd5+ Be6 18. Qd3 e4 19. Qxe4 Bxb2 20. Rab1 Bg7 21.
Ng5 Rf6 22. d3 Re8 23. Rfe1 h6 24. Nxe6 Rxe6 25. Qd5 Kh7 26. Rxe6 Qxe6 27. Qxb7
Qc8 28. Qb6 Be5 29. b4 Qb8 30. bxc5 Qxb6 31. cxb6 Rb8 32. b7 Kg7 33. Rb6 a5 34.
Rb5 Kf6 35. g4 Ke6 36. Kg2 g5 37. Kf3 Kd7 38. Ke4 Ke6 39. f3 Bg3 40. d4 Bf2 41.
d5+ Kf6 42. f4 Bc5 43. fxg5+ hxg5 44. Rb1 Bb4 45. Rh1 Rxb7 46. h4 gxh4 47. Rxh4
Kg5 48. Rh1 Re7+ 49. Kd3 Kxg4 50. Rg1+ Kf3 51. Rf1+ Kg2 52. Rf6 Rg7 53. Ke4
Rg4+ 54. Rf4 Rxf4+ 55. Kxf4 Kf2 56. Ke4 Ke2 57. Kd4 Kd2 58. c5 Bxc5+ 59. Kc4
Kc2 60. Kb5 Bb4 61. Kc4 Kb2 62. Kb5 Ka3 63. Kc4 Kxa4 64. Kd3 Kb3 0-1

[Event "Youth Classic 2019 - Youth Open U14"]
[Site "Bad Soden, Hasselgrundhalle"]
[Date "2019.10.06"]
[Round "9.11"]
[White "Kosak, Karolina"]
[Black "Kanno, Clara Yumi"]
[Result "1/2-1/2"]
[WhiteElo "1207"]
[BlackElo "1142"]
[PlyCount "69"]
[EventDate "2019.??.??"]
[WhiteTeam "SV Frankfurt Nord"]
[BlackTeam "SK Altenkirchen"]

1. e4 c5 2. f4 d6 3. Nf3 Nf6 4. Nc3 a6 5. d3 e6 6. Bd2 Nc6 7. Be2 b5 8. a3 Qb6
9. Be3 Ng4 10. Qd2 Be7 11. O-O O-O 12. h3 Nxe3 13. Qxe3 Nd4 14. Rac1 Bb7 15.
Qf2 Nxe2+ 16. Nxe2 Qc7 17. Qg3 Rfd8 18. f5 e5 19. Rf2 f6 20. h4 Bc6 21. Qh3 Be8
22. g4 Qd7 23. Rh2 Qa7 24. Kg2 d5 25. g5 dxe4 26. dxe4 c4 27. Ng3 Rd7 28. gxf6
Bxf6 29. Qg4 h6 30. Nh5 Bxh5 31. Qxh5 Qe3 32. Re1 Qc5 33. Kh3 Rad8 34. Rg2 Kf8
35. Qg6 1/2-1/2

[Event "Youth Classic 2019 - Youth Open U14"]
[Site "Bad Soden, Hasselgrundhalle"]
[Date "2019.10.06"]
[Round "9.12"]
[White "Alt, Johannes"]
[Black "Fischer, Juliane"]
[Result "1/2-1/2"]
[WhiteElo "1200"]
[BlackElo "1405"]
[PlyCount "83"]
[EventDate "2019.??.??"]
[WhiteTeam "SF Heidesheim"]
[BlackTeam "SK Gernsheim"]

1. d4 d5 2. c4 e6 3. Nf3 Nf6 4. Bg5 Be7 5. Bxf6 Bxf6 6. e3 O-O 7. Nc3 c6 8. Bd3
Nd7 9. Qc2 h6 10. O-O dxc4 11. Bxc4 Nb6 12. Bb3 Bg5 13. Rfe1 Nd5 14. Nxd5 exd5
15. h3 Be6 16. Qd3 Qd7 17. Bc2 g6 18. h4 Bf5 19. Qd2 Bf6 20. Bxf5 Qxf5 21. Rac1
Rfe8 22. Qc2 Qg4 23. Qe2 Bxh4 24. Nxh4 Qxh4 25. Qf3 Re4 26. Qh3 Qg5 27. Qd7 Re7
28. Qh3 Kg7 29. a4 Rae8 30. a5 a6 31. Rc3 f5 32. f4 Qf6 33. Kf2 Re4 34. Rh1 h5
35. Qh4 Qxh4+ 36. Rxh4 Kf6 37. Rh3 Rh8 38. g3 Re7 39. Rb3 Reh7 40. Rb6 Ke6 41.
Rh4 Kf6 42. Rh3 1/2-1/2

[Event "Youth Classic 2019 - Youth Open U14"]
[Site "Bad Soden, Hasselgrundhalle"]
[Date "2019.10.06"]
[Round "9.13"]
[White "Riemann, Adrian"]
[Black "Haller, Christian"]
[Result "1/2-1/2"]
[WhiteElo "1105"]
[BlackElo "1325"]
[PlyCount "59"]
[EventDate "2019.??.??"]
[WhiteTeam "SK Bickenbach"]
[BlackTeam "SC Bad Soden"]

1. d4 Nf6 2. c3 d5 3. e3 Bf5 4. f4 Nbd7 5. Bd3 Bxd3 6. Qxd3 e6 7. Nf3 c5 8.
Nbd2 Ng4 9. Ne5 c4 10. Qe2 Ngxe5 11. fxe5 Be7 12. O-O O-O 13. Nf3 f6 14. e4
fxe5 15. exd5 exd5 16. Nxe5 Rxf1+ 17. Kxf1 Bd6 18. Nxd7 Qxd7 19. Kg1 Rf8 20.
Bd2 Rf6 21. b4 Rg6 22. a4 h6 23. Qh5 Qf7 24. Qh3 Re6 25. Re1 Rxe1+ 26. Bxe1 b6
27. a5 bxa5 28. bxa5 Qf4 29. Qe6+ Kh7 30. g3 1/2-1/2

[Event "Youth Classic 2019 - Youth Open U14"]
[Site "Bad Soden, Hasselgrundhalle"]
[Date "2019.10.06"]
[Round "9.14"]
[White "Haller, Andreas"]
[Black "Trenz, Finn"]
[Result "1-0"]
[WhiteElo "1087"]
[BlackElo "1471"]
[PlyCount "120"]
[EventDate "2019.??.??"]
[WhiteTeam "SC Bad Soden"]
[BlackTeam "SK Gau-Algesheim"]

1. e4 e5 2. Nf3 Nc6 3. Bc4 Bc5 4. O-O Nf6 5. d4 exd4 6. e5 Ng4 7. Bf4 d6 8.
exd6 Bxd6 9. Bxd6 Qxd6 10. Re1+ Be6 11. g3 O-O 12. Bxe6 fxe6 13. Ng5 Nf6 14.
Nxe6 Rfe8 15. Nf4 Rxe1+ 16. Qxe1 Re8 17. Qd1 Ne5 18. Nd2 d3 19. cxd3 Nxd3 20.
Qb3+ Kh8 21. Nxd3 Rd8 22. Qxb7 Qxd3 23. Nf1 Qc2 24. Re1 Qc5 25. Ne3 h6 26. Rd1
Rxd1+ 27. Nxd1 Qd5 28. Qxd5 Nxd5 29. Nc3 Nxc3 30. bxc3 Kg8 31. f4 Kf7 32. Kf2
Ke6 33. Ke3 Kd5 34. Kd3 Kc5 35. g4 Kd5 36. h4 c5 37. c4+ Kd6 38. Ke4 Ke6 39. g5
h5 40. f5+ Kd6 41. f6 gxf6 42. g6 Ke6 43. g7 f5+ 44. Kf4 Kf7 45. Kxf5 Kxg7 46.
Ke6 Kg6 47. Kd5 Kf5 48. Kxc5 Kg4 49. Kb5 Kxh4 50. c5 Kg3 51. c6 h4 52. c7 h3
53. c8=Q h2 54. Qh8 Kg2 55. Ka6 h1=Q 56. Qxh1+ Kxh1 57. Kxa7 Kg2 58. a4 Kf3 59.
a5 Ke4 60. Kb7 Kd5 1-0

[Event "Youth Classic 2019 - Youth Open U14"]
[Site "Bad Soden, Hasselgrundhalle"]
[Date "2019.10.06"]
[Round "9.15"]
[White "Strauß, Florian"]
[Black "Negru, Maximilian"]
[Result "0-1"]
[WhiteElo "1127"]
[BlackElo "1326"]
[PlyCount "40"]
[EventDate "2019.??.??"]
[WhiteTeam "SV Multatuli Ingelheim e.V."]
[BlackTeam "SK Bad Homburg"]

1. e4 e5 2. Nf3 Nc6 3. Bc4 Bc5 4. c3 Nf6 5. d4 exd4 6. cxd4 Bb4+ 7. Nc3 O-O 8.
Bg5 d6 9. O-O Bg4 10. Nd5 Re8 11. Bb5 a6 12. Bxc6 bxc6 13. Nxb4 Qd7 14. Bxf6
gxf6 15. Re1 Kh8 16. d5 Rg8 17. Kf1 Bh5 18. dxc6 Qg4 19. g3 f5 20. Nd2 Qh3+ 0-1

[Event "Youth Classic 2019 - Youth Open U14"]
[Site "Bad Soden, Hasselgrundhalle"]
[Date "2019.10.06"]
[Round "9.16"]
[White "Papadopoulos, Leon"]
[Black "Rodermel, Leonie"]
[Result "1/2-1/2"]
[WhiteElo "1388"]
[BlackElo "1066"]
[PlyCount "145"]
[EventDate "2019.??.??"]
[WhiteTeam "SV Oberursel"]
[BlackTeam "SV Oberursel"]

1. e4 e5 2. Nf3 Nc6 3. Bc4 Bc5 4. O-O Nf6 5. d4 Bxd4 6. Nxd4 Nxd4 7. Be3 Nc6 8.
Re1 Nxe4 9. Qd5 Nd6 10. Nc3 Nxc4 11. Qxc4 O-O 12. Rad1 d6 13. Nd5 a6 14. f4 Re8
15. fxe5 Nxe5 16. Qf4 Ng6 17. Qg3 Bf5 18. Qf2 Bd7 19. Rf1 Be6 20. Nf4 Nxf4 21.
Bxf4 Bc4 22. Rfe1 Rxe1+ 23. Rxe1 Qd7 24. b3 Be6 25. Qf3 Qc6 26. Qxc6 bxc6 27.
Re3 Rd8 28. Bg5 Rd7 29. Rc3 c5 30. Be3 f6 31. Rd3 Bf5 32. Rd2 Re7 33. Re2 Bxc2
34. Rxc2 Rxe3 35. Rd2 Kf7 36. Kf2 Re5 37. Rd3 Ke7 38. Rh3 h5 39. Rg3 g5 40. a3
d5 41. Rc3 Kd6 42. Rf3 f5 43. Rh3 h4 44. g3 hxg3+ 45. hxg3 g4 46. Rh6+ Re6 47.
Rh5 Ke5 48. Ke3 Rb6 49. b4 cxb4 50. axb4 Rxb4 51. Rh6 Rb3+ 52. Kf2 c5 53. Rxa6
c4 54. Rc6 c3 55. Ke2 Kd4 56. Kd1 Kd3 57. Kc1 Rb2 58. Rc5 d4 59. Rxf5 Ke4 60.
Rf4+ Kd3 61. Rxg4 Rd2 62. Rf4 Ke3 63. Rf7 Re2 64. g4 Re1+ 65. Kc2 d3+ 66. Kxc3
Rc1+ 67. Kb2 Re1 68. Re7+ Kd2 69. Rd7 Rg1 70. Rd4 Rg2 71. Kb3 Ke3 72. Kc4 Rc2+
73. Kd5 1/2-1/2

[Event "Youth Classic 2019 - Youth Open U14"]
[Site "Bad Soden, Hasselgrundhalle"]
[Date "2019.10.06"]
[Round "9.17"]
[White "Akhmatovski, Maxim"]
[Black "Tobias, Karolin"]
[Result "1-0"]
[WhiteElo "1359"]
[BlackElo "1261"]
[PlyCount "75"]
[EventDate "2019.??.??"]
[WhiteTeam "SV Oberursel"]
[BlackTeam "SV Oberursel"]

1. d4 d5 2. c4 dxc4 3. e3 Nf6 4. Bxc4 Bf5 5. Nc3 e6 6. Nf3 Bd6 7. O-O O-O 8.
Qb3 Nbd7 9. Qxb7 Re8 10. e4 Bg4 11. e5 Bxf3 12. Qxf3 Nxe5 13. dxe5 Bxe5 14. Bg5
h6 15. Bh4 Qd4 16. Bxf6 Bxf6 17. Bb5 Red8 18. Rfd1 Qb4 19. Bc6 Rab8 20. Rxd8+
Rxd8 21. Rb1 Rd2 22. Qe4 Qb6 23. Qe3 Qxe3 24. fxe3 Rd3 25. Kf2 Bxc3 26. bxc3
Rxc3 27. Be4 f5 28. Bf3 Rc2+ 29. Kg3 Rxa2 30. Rc1 Ra3 31. Rxc7 Rxe3 32. Rxa7
Kh7 33. Kf4 Re1 34. Bh5 Re4+ 35. Kg3 f4+ 36. Kf3 Rd4 37. Re7 Ra4 38. Rxe6 1-0

[Event "Youth Classic 2019 - Youth Open U14"]
[Site "Bad Soden, Hasselgrundhalle"]
[Date "2019.10.06"]
[Round "9.18"]
[White "Stiehl, Richard"]
[Black "Bernig Le Duigou, Vincent"]
[Result "1/2-1/2"]
[WhiteElo "1243"]
[BlackElo "1222"]
[PlyCount "39"]
[EventDate "2019.??.??"]
[WhiteTeam "SV Multatuli Ingelheim e.V."]
[BlackTeam "SV Oberursel"]

1. e4 e5 2. Nf3 Nc6 3. Bc4 Bc5 4. d3 Nf6 5. Bg5 Na5 6. Bb3 Nxb3 7. axb3 d6 8.
h3 O-O 9. Nc3 h6 10. Bh4 Be6 11. O-O a6 12. Ne2 Re8 13. c3 Bd7 14. d4 Bb6 15.
Re1 c6 16. b4 Re6 17. Qc2 Qc7 18. Rad1 Nh7 19. Bg3 Rd8 20. Bh4 1/2-1/2